000
00300nam a22001337a 4500
003
SGT
082
_a
615.532
_b
B15W
100
_a
WRIGHT, ELIABETH
245
_a
A BRIEF STUDY COURSE IN HOMOEOPATHY
260
_a
INDIA
_b
B.JAIN PUB
_c
2015
300
_a
100
650
_a
HOMOEOPATHHIC
942
_2
ddc
_c
BK
999
_c
20472
_d
20472